Online
Catalog
Normal view MARC view

Entry Nombre personal

Number of records used in: 1

001 - NÚMERO DE CONTROL

  • campo de control: 14663

003 - IDENTIFICADOR DEL NÚMERO DE CONTROL

  • campo de control: BNPHU

005 - FECHA Y HORA DE LA ÚLTIMA TRANSACCIÓN

  • campo de control: 20240305091458.0

008 - DATOS DE LONGITUD FIJA

  • campo de control de longitud fija: 200615|| aca||aabn | a|a d

040 ## - FUENTE DE LA CATALOGACIÓN

  • Centro catalogador/agencia de origen: DO-SdBNP
  • Lengua de catalogación: spa
  • Centro/agencia transcriptor: BNPHU
  • Normas de descripción: rda

100 1# - ENCABEZAMIENTO-NOMBRE DE PERSONA

  • Nombre de persona: Barradas, Efraín

370 ## - LUGAR ASOCIADO

  • Lugar de nacimiento: Aguadilla (P.R.)
  • Lugar de residencia/sede: Gainesville, Flórida

372 ## - CAMPO DE ACTIVIDAD

  • Campo de actividad: Profesor universitario

373 ## - GRUPO ASOCIADO

  • Grupo asociado: Universidad de Flórida

374 ## - OCUPACIÓN

  • Ocupación: Profesor universitario

375 ## - GÉNERO/SEXO

  • Género/Sexo: Masculino

377 ## - LENGUA/LENGUAJE ASOCIADO

  • Código del idioma: Español
  • Código del idioma: Inglés

400 1# - TRAZADO DE VÉASE--NOMBRE DE PERSONA

  • Nombre de persona: Barradas, E.

670 ## - FUENTE DE DATOS ENCONTRADOS

  • Cita de la fuente: Work cat.: (OSt)4919: Para entendernos :, 1992.

670 ## - FUENTE DE DATOS ENCONTRADOS

  • Cita de la fuente: Herejes y mistificadores, 1980 (

Powered by Koha